000 00600nam a2200229Ia 4500
003 OSt
005 20220918184132.0
006 a|||||r|||| 00| 0
007 ta
008 220917b |||||||| |||| 00| 0 eng d
024 _a44,725
037 _cTextual
040 _aARTS
_cARTS
_beng
041 _2eng
_aeng
082 _aO61:NAB:1, K0 (906)
100 _aAbdulla Muhammed Said
_964655
245 0 _aMuzimu wa watu wa kale
260 _c1960
650 _aENGLISH LITERATURE
942 _hO61:NAB:1, K0 (906)
_cTEXL
_2CC
999 _c175274
_d175274